000
00209nam a22000857a 4500
008
161202b xxu||||| |||| 00| 0 eng d
100
_9
1740
_a
Manjal. M
245
_a
The rainbow slide
260
_a
New delhi
_b
CBT
_c
2011
999
_c
4448
_d
4448